[Event "FIDE World Cup 2025"]
[Site "Goa, India"]
[Date "2025.11.04"]
[Round "9.10"]
[White "Lodici, Lorenzo"]
[Black "Niemann, Hans Moke"]
[Result "1/2-1/2"]
[TimeControl ": 90 minutes for the first 40 moves, followed by 30 minutes for the rest of the gamewith an increment of 30 seconds per move starting from move 1"]
[WhiteFideId "884189"]
[BlackFideId "2093596"]
[WhiteElo "2560"]
[BlackElo "2738"]

1. e4 {[%clk 01:30:57]} {[%emt 00:00:02]} e5 {[%clk 01:30:35]} {[%emt
00:00:25]} 2. Nf3 {[%clk 01:31:11]} {[%emt 00:00:16]} Nc6 {[%clk 01:30:59]}
{[%emt 00:00:06]} 3. Bc4 {[%clk 01:31:35]} {[%emt 00:00:07]} Nf6 {[%clk
01:30:58]} {[%emt 00:00:29]} 4. Ng5 {[%clk 01:31:38]} {[%emt 00:00:28]} d5
{[%clk 01:30:51]} {[%emt 00:00:36]} 5. exd5 {[%clk 01:32:04]} {[%emt 00:00:06]}
Na5 {[%clk 01:31:14]} {[%emt 00:00:07]} 6. Bb5+ {[%clk 01:32:28]} {[%emt
00:00:06]} c6 {[%clk 01:31:38]} {[%emt 00:00:05]} 7. dxc6 {[%clk 01:32:53]}
{[%emt 00:00:06]} bxc6 {[%clk 01:32:01]} {[%emt 00:00:06]} 8. Bd3 {[%clk
01:33:07]} {[%emt 00:00:16]} Nd5 {[%clk 01:29:00]} {[%emt 00:03:30]} 9. Nf3
{[%clk 01:33:21]} {[%emt 00:00:18]} Bd6 {[%clk 01:29:14]} {[%emt 00:00:15]} 10.
O-O {[%clk 01:33:41]} {[%emt 00:00:10]} Nf4 {[%clk 01:28:53]} {[%emt 00:00:50]}
11. Nc3 {[%clk 01:33:57]} {[%emt 00:00:15]} Nxd3 {[%clk 01:28:51]} {[%emt
00:00:32]} 12. cxd3 {[%clk 01:34:18]} {[%emt 00:00:09]} O-O {[%clk 01:29:12]}
{[%emt 00:00:07]} 13. Re1 {[%clk 01:34:03]} {[%emt 00:00:47]} c5 {[%clk
01:15:38]} {[%emt 00:14:07]} 14. b3 {[%clk 01:33:04]} {[%emt 00:01:27]} Nc6
{[%clk 01:02:44]} {[%emt 00:13:22]} 15. Ba3 {[%clk 01:32:02]} {[%emt 00:01:34]}
Bg4 {[%clk 00:51:35]} {[%emt 00:11:39]} 16. h3 {[%clk 01:30:28]} {[%emt
00:02:03]} Bh5 {[%clk 00:51:35]} {[%emt 00:00:29]} 17. Rc1 {[%clk 01:30:38]}
{[%emt 00:00:21]} Re8 {[%clk 00:47:10]} {[%emt 00:04:55]} 18. Ne4 {[%clk
01:23:04]} {[%emt 00:08:04]} Nb4 {[%clk 00:46:14]} {[%emt 00:01:27]} 19. Bxb4
{[%clk 01:19:02]} {[%emt 00:04:32]} cxb4 {[%clk 00:46:37]} {[%emt 00:00:06]} 20.
g4 {[%clk 01:12:32]} {[%emt 00:07:01]} Bg6 {[%clk 00:46:53]} {[%emt 00:00:14]}
21. Rc6 {[%clk 01:12:54]} {[%emt 00:00:08]} Bf8 {[%clk 00:45:16]} {[%emt
00:02:05]} 22. Qc2 {[%clk 01:11:39]} {[%emt 00:01:47]} Qd5 {[%clk 00:40:04]}
{[%emt 00:05:41]} 23. Qc4 {[%clk 01:04:24]} {[%emt 00:07:47]} Rad8 {[%clk
00:39:39]} {[%emt 00:00:54]} 24. Qxd5 {[%clk 01:00:32]} {[%emt 00:04:22]} Rxd5
{[%clk 00:39:42]} {[%emt 00:00:26]} 25. d4 {[%clk 01:00:41]} {[%emt 00:00:22]}
f5 {[%clk 00:34:22]} {[%emt 00:05:50]} 26. gxf5 {[%clk 00:55:25]} {[%emt
00:05:45]} Bxf5 {[%clk 00:34:47]} {[%emt 00:00:06]} 27. Kg2 {[%clk 00:55:06]}
{[%emt 00:00:48]} Bd7 {[%clk 00:31:43]} {[%emt 00:03:33]} 28. Rc7 {[%clk
00:52:42]} {[%emt 00:02:55]} exd4 {[%clk 00:31:06]} {[%emt 00:01:07]} 29. Rxd7
{[%clk 00:49:09]} {[%emt 00:04:03]} Rxd7 {[%clk 00:29:37]} {[%emt 00:01:58]} 30.
Nf6+ {[%clk 00:49:37]} {[%emt 00:00:03]} gxf6 {[%clk 00:29:59]} {[%emt
00:00:08]} 31. Rxe8 {[%clk 00:50:05]} {[%emt 00:00:02]} Kf7 {[%clk 00:30:17]}
{[%emt 00:00:10]} 32. Rc8 {[%clk 00:47:16]} {[%emt 00:03:20]} d3 {[%clk
00:29:58]} {[%emt 00:00:49]} 33. Kg3 {[%clk 00:44:29]} {[%emt 00:03:17]} Bd6+
{[%clk 00:29:29]} {[%emt 00:00:59]} 34. Kg4 {[%clk 00:44:13]} {[%emt 00:00:47]}
Re7 {[%clk 00:27:29]} {[%emt 00:02:28]} 35. Kf5 {[%clk 00:41:19]} {[%emt
00:03:25]} Re2 {[%clk 00:27:19]} {[%emt 00:00:41]} 36. Ra8 {[%clk 00:41:40]}
{[%emt 00:00:09]} Rxf2 {[%clk 00:20:47]} {[%emt 00:07:01]} 37. Rxa7+ {[%clk
00:41:40]} {[%emt 00:00:31]} Kg8 {[%clk 00:20:10]} {[%emt 00:01:05]} 38. Ra8+
{[%clk 00:39:33]} {[%emt 00:02:39]} Kg7 {[%clk 00:20:28]} {[%emt 00:00:11]} 39.
Ke4 {[%clk 00:37:54]} {[%emt 00:02:11]} f5+ {[%clk 00:20:16]} {[%emt 00:00:40]}
40. Ke3 {[%clk 00:38:19]} {[%emt 00:00:06]} Bc5+ {[%clk 00:20:32]} {[%emt
00:00:14]} 41. Kf4 {[%clk 00:38:44]} {[%emt 00:00:04]} Bd6+ {[%clk 00:19:36]}
{[%emt 00:01:26]} 42. Ke3 {[%clk 00:38:43]} {[%emt 00:00:32]} Bc5+ {[%clk
00:19:55]} {[%emt 00:00:10]} 43. Kf4 {[%clk 00:39:08]} {[%emt 00:00:05]} Bd6+
{[%clk 00:20:17]} {[%emt 00:00:08]} 44. Ke4 {[%emt 00:00:17]} Kf6+ {[%emt
00:00:01]} 1/2-1/2

[Event "FIDE World Cup 2025"]
[Site "Goa, India"]
[Date "2025.11.04"]
[Round "9.36"]
[White "Zemlyanskii, Ivan"]
[Black "Robson, Ray"]
[Result "1-0"]
[TimeControl ": 90 minutes for the first 40 moves, followed by 30 minutes for the rest of the gamewith an increment of 30 seconds per move starting from move 1"]
[WhiteFideId "24249971"]
[BlackFideId "2023970"]
[WhiteElo "2596"]
[BlackElo "2664"]

1. d4 {[%clk 01:30:57]} {[%emt 00:00:02]} Nf6 {[%clk 01:30:38]} {[%emt
00:00:23]} 2. c4 {[%clk 01:31:23]} {[%emt 00:00:04]} e6 {[%clk 01:30:56]}
{[%emt 00:00:12]} 3. Nc3 {[%clk 01:31:48]} {[%emt 00:00:05]} Bb4 {[%clk
01:30:54]} {[%emt 00:00:32]} 4. e3 {[%clk 01:32:12]} {[%emt 00:00:05]} O-O
{[%clk 01:30:52]} {[%emt 00:00:33]} 5. Bd3 {[%clk 01:32:38]} {[%emt 00:00:03]}
d5 {[%clk 01:29:50]} {[%emt 00:01:32]} 6. cxd5 {[%clk 01:33:03]} {[%emt
00:00:05]} exd5 {[%clk 01:29:56]} {[%emt 00:00:23]} 7. Nge2 {[%clk 01:33:30]}
{[%emt 00:00:05]} Re8 {[%clk 01:20:47]} {[%emt 00:09:38]} 8. Bd2 {[%clk
01:33:41]} {[%emt 00:00:19]} b6 {[%clk 01:15:02]} {[%emt 00:06:16]} 9. Rc1
{[%clk 01:33:23]} {[%emt 00:00:47]} Ba6 {[%clk 01:04:06]} {[%emt 00:11:26]} 10.
Bxa6 {[%clk 01:32:47]} {[%emt 00:01:06]} Nxa6 {[%clk 01:04:28]} {[%emt
00:00:08]} 11. Qa4 {[%clk 01:32:43]} {[%emt 00:00:34]} Qc8 {[%clk 01:03:46]}
{[%emt 00:01:12]} 12. O-O {[%clk 01:32:35]} {[%emt 00:00:38]} Qb7 {[%clk
01:02:49]} {[%emt 00:01:28]} 13. Rfd1 {[%clk 01:27:41]} {[%emt 00:05:24]} Rac8
{[%clk 00:56:35]} {[%emt 00:06:44]} 14. Nf4 {[%clk 01:23:54]} {[%emt 00:04:16]}
c6 {[%clk 00:55:13]} {[%emt 00:01:53]} 15. Nd3 {[%clk 01:01:47]} {[%emt
00:22:36]} Bd6 {[%clk 00:55:32]} {[%emt 00:00:11]} 16. b4 {[%clk 00:57:32]}
{[%emt 00:04:45]} Nc7 {[%clk 00:51:03]} {[%emt 00:04:59]} 17. Qb3 {[%clk
00:54:46]} {[%emt 00:03:16]} Ne6 {[%clk 00:50:35]} {[%emt 00:00:59]} 18. Rc2
{[%clk 00:53:12]} {[%emt 00:02:03]} h5 {[%clk 00:48:48]} {[%emt 00:02:17]} 19.
Rdc1 {[%clk 00:47:44]} {[%emt 00:05:59]} h4 {[%clk 00:45:29]} {[%emt 00:03:48]}
20. h3 {[%clk 00:43:00]} {[%emt 00:05:14]} Ne4 {[%clk 00:32:03]} {[%emt
00:13:57]} 21. Be1 {[%clk 00:40:21]} {[%emt 00:03:08]} Qd7 {[%clk 00:22:45]}
{[%emt 00:09:48]} 22. f4 {[%clk 00:38:14]} {[%emt 00:02:38]} Nxc3 {[%clk
00:18:06]} {[%emt 00:05:09]} 23. Rxc3 {[%clk 00:37:44]} {[%emt 00:01:00]} Nf8
{[%clk 00:13:45]} {[%emt 00:04:51]} 24. Bf2 {[%clk 00:33:46]} {[%emt 00:04:28]}
Ng6 {[%clk 00:11:05]} {[%emt 00:03:10]} 25. Qd1 {[%clk 00:23:32]} {[%emt
00:10:43]} c5 {[%clk 00:05:04]} {[%emt 00:06:32]} 26. bxc5 {[%clk 00:19:01]}
{[%emt 00:05:01]} bxc5 {[%clk 00:05:32]} {[%emt 00:00:02]} 27. Nxc5 {[%clk
00:19:18]} {[%emt 00:00:12]} Bxc5 {[%clk 00:05:30]} {[%emt 00:00:33]} 28. dxc5
{[%clk 00:19:02]} {[%emt 00:00:46]} d4 {[%clk 00:02:46]} {[%emt 00:03:15]} 29.
Rc4 {[%clk 00:16:10]} {[%emt 00:03:21]} d3 {[%clk 00:02:21]} {[%emt 00:00:55]}
30. c6 {[%clk 00:13:20]} {[%emt 00:03:20]} Qd5 {[%clk 00:02:22]} {[%emt
00:00:28]} 31. R1c3 {[%clk 00:10:47]} {[%emt 00:03:04]} d2 {[%clk 00:01:53]}
{[%emt 00:00:59]} 32. c7 {[%clk 00:09:25]} {[%emt 00:01:52]} Re7 {[%clk
00:01:23]} {[%emt 00:01:01]} 33. Rc2 {[%clk 00:07:36]} {[%emt 00:02:19]} Qa5
{[%clk 00:00:33]} {[%emt 00:01:19]} 34. Rxd2 {[%clk 00:06:32]} {[%emt
00:01:34]} Rcxc7 {[%clk 00:00:36]} {[%emt 00:00:28]} 35. Rd8+ {[%clk 00:06:36]}
{[%emt 00:00:25]} Kh7 {[%clk 00:01:03]} {[%emt 00:00:03]} 36. Rd5 {[%clk
00:07:00]} {[%emt 00:00:06]} Qb6 {[%clk 00:00:33]} {[%emt 00:01:00]} 37. Rh5+
{[%clk 00:07:19]} {[%emt 00:00:11]} Kg8 {[%clk 00:01:00]} {[%emt 00:00:03]} 38.
Qd8+ {[%clk 00:07:44]} {[%emt 00:00:05]} Nf8 {[%clk 00:01:23]} {[%emt
00:00:07]} 39. Qxf8+ {[%clk 00:08:09]} {[%emt 00:00:06]} Kxf8 {[%clk 00:01:49]}
{[%emt 00:00:04]} 40. Rh8# {[%clk 00:08:36]} {[%emt 00:00:02]} 1-0

[Event "FIDE World Cup 2025"]
[Site "Goa, India"]
[Date "2025.11.05"]
[Round "10.13"]
[White "Jobava, Baadur"]
[Black "Le, Quang Liem"]
[Result "0-1"]
[TimeControl ": 90 minutes for the first 40 moves, followed by 30 minutes for the rest of the gamewith an increment of 30 seconds per move starting from move 1"]
[WhiteFideId "13601520"]
[BlackFideId "12401137"]
[WhiteElo "2573"]
[BlackElo "2729"]

1. e4 {[%clk 01:30:48]} {[%emt 00:00:12]} e5 {[%clk 01:30:51]} {[%emt
00:00:10]} 2. Nf3 {[%clk 01:31:03]} {[%emt 00:00:15]} Nc6 {[%clk 01:31:12]}
{[%emt 00:00:09]} 3. d4 {[%clk 01:31:13]} {[%emt 00:00:20]} exd4 {[%clk
01:31:33]} {[%emt 00:00:08]} 4. Nxd4 {[%clk 01:31:37]} {[%emt 00:00:06]} Qf6
{[%clk 01:31:41]} {[%emt 00:00:22]} 5. Nf5 {[%clk 01:22:53]} {[%emt 00:09:15]}
Bb4+ {[%clk 01:30:40]} {[%emt 00:01:31]} 6. c3 {[%clk 01:20:49]} {[%emt
00:02:34]} Bc5 {[%clk 01:31:00]} {[%emt 00:00:09]} 7. Be3 {[%clk 01:18:40]}
{[%emt 00:02:40]} d6 {[%clk 01:31:13]} {[%emt 00:00:16]} 8. Bxc5 {[%clk
01:14:26]} {[%emt 00:04:45]} Bxf5 {[%clk 01:30:58]} {[%emt 00:00:44]} 9. exf5
{[%clk 00:22:18]} {[%emt 00:52:38]} dxc5 {[%clk 01:31:18]} {[%emt 00:00:10]} 10.
Bb5 {[%clk 00:22:22]} {[%emt 00:00:27]} Nge7 {[%clk 01:31:38]} {[%emt
00:00:09]} 11. O-O {[%clk 00:22:46]} {[%emt 00:00:06]} O-O {[%clk 01:29:58]}
{[%emt 00:02:10]} 12. Qf3 {[%clk 00:21:49]} {[%emt 00:01:28]} Ne5 {[%clk
01:17:43]} {[%emt 00:12:45]} 13. Qxb7 {[%clk 00:21:01]} {[%emt 00:01:18]} Rab8
{[%clk 01:17:30]} {[%emt 00:00:42]} 14. Qa6 {[%clk 00:21:26]} {[%emt 00:00:05]}
c6 {[%clk 01:10:30]} {[%emt 00:07:31]} 15. Be2 {[%clk 00:19:52]} {[%emt
00:02:04]} Rxb2 {[%clk 01:10:19]} {[%emt 00:00:40]} 16. f4 {[%clk 00:13:02]}
{[%emt 00:07:20]} Nd7 {[%clk 01:09:38]} {[%emt 00:01:10]} 17. Bf3 {[%clk
00:13:02]} {[%emt 00:00:31]} Nxf5 {[%clk 01:01:31]} {[%emt 00:08:37]} 18. Na3
{[%clk 00:03:11]} {[%emt 00:10:21]} Qxc3 {[%clk 00:54:52]} {[%emt 00:07:09]} 19.
Qxc6 {[%clk 00:03:06]} {[%emt 00:00:35]} Nf6 {[%clk 00:39:33]} {[%emt
00:15:49]} 20. Nb5 {[%clk 00:03:11]} {[%emt 00:00:26]} Qb4 {[%clk 00:38:18]}
{[%emt 00:01:44]} 21. Nxa7 {[%clk 00:01:22]} {[%emt 00:02:20]} Nd4 {[%clk
00:37:27]} {[%emt 00:01:20]} 22. Qd6 {[%clk 00:00:58]} {[%emt 00:00:55]} Qd2
{[%clk 00:36:55]} {[%emt 00:01:02]} 0-1

[Event "FIDE World Cup 2025"]
[Site "Goa, India"]
[Date "2025.11.05"]
[Round "10.32"]
[White "Bu, Xiangzhi"]
[Black "Yilmaz, Mustafa"]
[Result "1/2-1/2"]
[TimeControl ": 90 minutes for the first 40 moves, followed by 30 minutes for the rest of the gamewith an increment of 30 seconds per move starting from move 1"]
[WhiteFideId "8601445"]
[BlackFideId "6302718"]
[WhiteElo "2672"]
[BlackElo "2591"]

1. c4 {[%clk 01:30:56]} {[%emt 00:00:03]} e5 {[%clk 01:30:46]} {[%emt
00:00:14]} 2. d3 {[%clk 01:30:46]} {[%emt 00:00:41]} Nf6 {[%clk 01:30:55]}
{[%emt 00:00:20]} 3. Nf3 {[%clk 01:30:56]} {[%emt 00:00:20]} Nc6 {[%clk
01:31:19]} {[%emt 00:00:06]} 4. a3 {[%clk 01:31:01]} {[%emt 00:00:25]} d5
{[%clk 01:31:29]} {[%emt 00:00:20]} 5. cxd5 {[%clk 01:31:09]} {[%emt 00:00:22]}
Nxd5 {[%clk 01:31:54]} {[%emt 00:00:05]} 6. e4 {[%clk 01:27:04]} {[%emt
00:04:35]} Nb6 {[%clk 01:31:55]} {[%emt 00:00:29]} 7. Be2 {[%clk 01:26:39]}
{[%emt 00:00:55]} Be7 {[%clk 01:32:18]} {[%emt 00:00:07]} 8. O-O {[%clk
01:26:14]} {[%emt 00:00:55]} O-O {[%clk 01:32:41]} {[%emt 00:00:07]} 9. Be3
{[%clk 01:22:03]} {[%emt 00:04:41]} f5 {[%clk 01:32:26]} {[%emt 00:00:45]} 10.
exf5 {[%clk 01:17:11]} {[%emt 00:05:22]} Bxf5 {[%clk 01:32:49]} {[%emt
00:00:07]} 11. Nc3 {[%clk 01:17:36]} {[%emt 00:00:05]} Qd7 {[%clk 01:31:38]}
{[%emt 00:01:41]} 12. Rc1 {[%clk 01:17:53]} {[%emt 00:00:12]} Kh8 {[%clk
01:19:33]} {[%emt 00:12:35]} 13. Ne4 {[%clk 01:14:22]} {[%emt 00:04:00]} Nd5
{[%clk 01:14:20]} {[%emt 00:05:44]} 14. Re1 {[%clk 01:12:17]} {[%emt 00:02:35]}
Nf4 {[%clk 01:04:04]} {[%emt 00:10:46]} 15. Qb3 {[%clk 00:48:21]} {[%emt
00:24:26]} Nxe2+ {[%clk 00:58:40]} {[%emt 00:05:54]} 16. Rxe2 {[%clk 00:48:49]}
{[%emt 00:00:02]} Rab8 {[%clk 00:53:56]} {[%emt 00:05:14]} 17. Nfd2 {[%clk
00:37:09]} {[%emt 00:12:10]} Be6 {[%clk 00:40:40]} {[%emt 00:13:46]} 18. Qc3
{[%clk 00:37:15]} {[%emt 00:00:25]} Rbd8 {[%clk 00:37:20]} {[%emt 00:03:50]} 19.
Bc5 {[%clk 00:34:42]} {[%emt 00:03:02]} Rfe8 {[%clk 00:29:21]} {[%emt
00:08:29]} 20. Bxe7 {[%clk 00:30:43]} {[%emt 00:04:30]} Qxe7 {[%clk 00:29:03]}
{[%emt 00:00:48]} 21. Re3 {[%clk 00:29:35]} {[%emt 00:01:37]} Nd4 {[%clk
00:20:52]} {[%emt 00:08:42]} 22. Nf3 {[%clk 00:20:59]} {[%emt 00:09:06]} Bg4
{[%clk 00:13:10]} {[%emt 00:08:12]} 23. Ned2 {[%clk 00:21:01]} {[%emt
00:00:28]} Bxf3 {[%clk 00:10:29]} {[%emt 00:03:11]} 24. Nxf3 {[%clk 00:21:26]}
{[%emt 00:00:05]} Nxf3+ {[%clk 00:09:54]} {[%emt 00:01:05]} 25. Rxf3 {[%clk
00:21:52]} {[%emt 00:00:03]} c6 {[%clk 00:08:01]} {[%emt 00:02:24]} 26. Re1
{[%clk 00:18:09]} {[%emt 00:04:13]} h6 {[%clk 00:07:34]} {[%emt 00:00:57]} 27.
g3 {[%clk 00:14:43]} {[%emt 00:03:55]} Qd6 {[%clk 00:05:37]} {[%emt 00:02:27]}
28. Re4 {[%clk 00:14:56]} {[%emt 00:00:18]} Re7 {[%clk 00:04:49]} {[%emt
00:01:18]} 29. Rfe3 {[%clk 00:14:19]} {[%emt 00:01:06]} Qg6 {[%clk 00:04:00]}
{[%emt 00:01:19]} 30. Qc5 {[%clk 00:13:58]} {[%emt 00:00:50]} Qf6 {[%clk
00:02:58]} {[%emt 00:01:34]} 31. f4 {[%clk 00:06:49]} {[%emt 00:07:39]} Rd5
{[%clk 00:02:48]} {[%emt 00:00:40]} 32. Qxa7 {[%clk 00:06:29]} {[%emt
00:00:50]} exf4 {[%clk 00:01:30]} {[%emt 00:01:48]} 33. Qb8+ {[%clk 00:03:04]}
{[%emt 00:03:55]} Kh7 {[%clk 00:01:58]} {[%emt 00:00:02]} 34. Rxf4 {[%clk
00:03:29]} {[%emt 00:00:05]} Rxe3 {[%clk 00:01:08]} {[%emt 00:01:20]} 35. Rxf6
{[%clk 00:03:55]} {[%emt 00:00:04]} gxf6 {[%clk 00:01:34]} {[%emt 00:00:03]} 36.
Qxb7+ {[%clk 00:04:20]} {[%emt 00:00:05]} Kg6 {[%clk 00:01:58]} {[%emt
00:00:06]} 37. Qxc6 {[%clk 00:03:09]} {[%emt 00:01:42]} Rexd3 {[%clk 00:01:16]}
{[%emt 00:01:11]} 38. Qe8+ {[%clk 00:02:28]} {[%emt 00:01:11]} Kg7 {[%clk
00:01:45]} {[%emt 00:00:02]} 39. Qe7+ {[%clk 00:02:53]} {[%emt 00:00:05]} Kg6
{[%clk 00:02:11]} {[%emt 00:00:04]} 40. Qe8+ {[%clk 00:02:16]} {[%emt
00:01:08]} Kg7 {[%clk 00:02:31]} {[%emt 00:00:09]} 41. Qe7+ {[%clk 00:01:46]}
{[%emt 00:01:00]} Kg6 {[%clk 00:29:54]} {[%emt 00:03:07]} 42. Qe4+ {[%clk
00:29:46]} {[%emt 00:02:29]} Kg7 {[%clk 00:26:27]} {[%emt 00:03:58]} 43. Qg4+
{[%clk 00:29:09]} {[%emt 00:01:07]} Kf7 {[%clk 00:23:02]} {[%emt 00:03:55]} 44.
Qc4 {[%clk 00:27:43]} {[%emt 00:01:55]} R3d4 {[%clk 00:22:18]} {[%emt
00:01:15]} 45. Qb3 {[%clk 00:26:15]} {[%emt 00:01:58]} Rd3 {[%clk 00:21:42]}
{[%emt 00:01:06]} 46. Qc4 {[%clk 00:23:00]} {[%emt 00:03:44]} R3d4 {[%clk
00:22:11]} {[%emt 00:00:02]} 47. Qc7+ {[%clk 00:21:35]} {[%emt 00:01:55]} Kg6
{[%clk 00:20:59]} {[%emt 00:01:41]} 48. Qc2+ {[%clk 00:21:15]} {[%emt
00:00:50]} Kg7 {[%clk 00:21:11]} {[%emt 00:00:18]} 49. Qc7+ {[%clk 00:17:12]}
{[%emt 00:04:33]} Kg6 {[%clk 00:21:13]} {[%emt 00:00:28]} 50. Qc2+ {[%clk
00:17:12]} {[%emt 00:00:31]} 1/2-1/2

[Event "FIDE World Cup 2025"]
[Site "Goa, India"]
[Date "2025.11.06"]
[Round "11.9"]
[White "Bai, Jinshi"]
[Black "Dubov, Daniil"]
[Result "1/2-1/2"]
[TimeControl ": 90 minutes for the first 40 moves, followed by 30 minutes for the rest of the gamewith an increment of 30 seconds per move starting from move 1"]
[WhiteFideId "8602280"]
[BlackFideId "24126055"]
[WhiteElo "2590"]
[BlackElo "2684"]

1. d4 {[%clk 00:15:17]} {[%emt 00:00:02]} d5 {[%clk 00:15:19]} {[%emt
00:00:02]} 2. c4 {[%clk 00:15:25]} {[%emt 00:00:02]} e6 {[%clk 00:15:28]}
{[%emt 00:00:01]} 3. Nc3 {[%clk 00:15:32]} {[%emt 00:00:03]} Bb4 {[%clk
00:15:36]} {[%emt 00:00:02]} 4. cxd5 {[%clk 00:15:37]} {[%emt 00:00:05]} exd5
{[%clk 00:15:44]} {[%emt 00:00:02]} 5. Bf4 {[%clk 00:15:42]} {[%emt 00:00:05]}
Nf6 {[%clk 00:14:44]} {[%emt 00:01:09]} 6. e3 {[%clk 00:15:47]} {[%emt
00:00:05]} c5 {[%clk 00:14:39]} {[%emt 00:00:16]} 7. Bb5+ {[%clk 00:15:07]}
{[%emt 00:00:50]} Bd7 {[%clk 00:13:35]} {[%emt 00:01:14]} 8. Bxd7+ {[%clk
00:15:07]} {[%emt 00:00:10]} Qxd7 {[%clk 00:13:33]} {[%emt 00:00:11]} 9. Nge2
{[%clk 00:14:50]} {[%emt 00:00:27]} cxd4 {[%clk 00:13:27]} {[%emt 00:00:16]} 10.
Qxd4 {[%clk 00:13:35]} {[%emt 00:01:25]} Nc6 {[%clk 00:13:35]} {[%emt
00:00:03]} 11. Qd3 {[%clk 00:13:43]} {[%emt 00:00:02]} O-O {[%clk 00:13:18]}
{[%emt 00:00:26]} 12. O-O {[%clk 00:13:33]} {[%emt 00:00:20]} Bxc3 {[%clk
00:12:39]} {[%emt 00:00:49]} 13. Nxc3 {[%clk 00:11:52]} {[%emt 00:01:51]} h6
{[%clk 00:12:26]} {[%emt 00:00:23]} 14. Rfd1 {[%clk 00:11:45]} {[%emt
00:00:18]} Rfd8 {[%clk 00:12:29]} {[%emt 00:00:07]} 15. Rac1 {[%clk 00:11:27]}
{[%emt 00:00:27]} Rac8 {[%clk 00:12:36]} {[%emt 00:00:03]} 16. h3 {[%clk
00:10:53]} {[%emt 00:00:44]} Qe7 {[%clk 00:12:09]} {[%emt 00:00:37]} 17. Qe2
{[%clk 00:09:52]} {[%emt 00:01:10]} Qe6 {[%clk 00:10:12]} {[%emt 00:02:07]} 18.
a3 {[%clk 00:07:58]} {[%emt 00:02:05]} d4 {[%clk 00:09:04]} {[%emt 00:01:18]}
19. exd4 {[%clk 00:08:03]} {[%emt 00:00:05]} Nxd4 {[%clk 00:09:07]} {[%emt
00:00:06]} 20. Qxe6 {[%clk 00:08:07]} {[%emt 00:00:06]} Nxe6 {[%clk 00:09:15]}
{[%emt 00:00:02]} 21. Be3 {[%clk 00:07:47]} {[%emt 00:00:30]} a6 {[%clk
00:08:59]} {[%emt 00:00:26]} 22. Kf1 {[%clk 00:06:13]} {[%emt 00:01:45]} Kf8
{[%clk 00:08:31]} {[%emt 00:00:37]} 23. Ke2 {[%clk 00:06:14]} {[%emt 00:00:09]}
h5 {[%clk 00:08:31]} {[%emt 00:00:11]} 24. Kf3 {[%clk 00:05:55]} {[%emt
00:00:29]} Ke8 {[%clk 00:08:08]} {[%emt 00:00:33]} 25. g4 {[%clk 00:05:42]}
{[%emt 00:00:23]} Rxd1 {[%clk 00:07:46]} {[%emt 00:00:31]} 26. Rxd1 {[%clk
00:05:50]} {[%emt 00:00:02]} Rc4 {[%clk 00:07:44]} {[%emt 00:00:12]} 27. gxh5
{[%clk 00:04:44]} {[%emt 00:01:16]} Rh4 {[%clk 00:06:12]} {[%emt 00:01:42]} 28.
h6 {[%clk 00:04:47]} {[%emt 00:00:08]} gxh6 {[%clk 00:06:09]} {[%emt 00:00:13]}
29. Kg3 {[%clk 00:03:25]} {[%emt 00:01:32]} Ng7 {[%clk 00:06:03]} {[%emt
00:00:15]} 30. Nd5 {[%clk 00:02:19]} {[%emt 00:01:16]} Nf5+ {[%clk 00:05:56]}
{[%emt 00:00:17]} 31. Kg2 {[%clk 00:02:24]} {[%emt 00:00:06]} Nxd5 {[%clk
00:05:41]} {[%emt 00:00:26]} 32. Rxd5 {[%clk 00:02:32]} {[%emt 00:00:02]} Nxe3+
{[%clk 00:05:50]} 33. fxe3 {[%clk 00:02:40]} {[%emt 00:00:02]} Rc4 {[%clk
00:05:44]} {[%emt 00:00:15]} 34. Rd2 {[%clk 00:02:06]} {[%emt 00:00:44]} Ke7
{[%clk 00:05:45]} {[%emt 00:00:09]} 35. Kf3 {[%clk 00:02:15]} {[%emt 00:00:02]}
Ke6 {[%clk 00:05:34]} {[%emt 00:00:20]} 36. Rd8 {[%clk 00:01:51]} {[%emt
00:00:34]} Rc2 {[%clk 00:05:14]} {[%emt 00:00:30]} 37. b4 {[%clk 00:01:59]}
{[%emt 00:00:01]} Rh2 {[%clk 00:04:14]} {[%emt 00:01:10]} 38. Rb8 {[%clk
00:01:56]} {[%emt 00:00:14]} Rxh3+ {[%clk 00:04:14]} {[%emt 00:00:09]} 39. Kf4
{[%clk 00:02:04]} {[%emt 00:00:02]} a5 {[%clk 00:03:53]} {[%emt 00:00:31]} 40.
Rxb7 {[%clk 00:01:54]} {[%emt 00:00:21]} axb4 {[%clk 00:03:56]} {[%emt
00:00:07]} 41. Rb6+ {[%clk 00:01:37]} {[%emt 00:00:27]} Ke7 {[%clk 00:03:59]}
{[%emt 00:00:07]} 42. Rxb4 {[%clk 00:01:38]} {[%emt 00:00:09]} Rh4+ {[%clk
00:03:59]} {[%emt 00:00:09]} 43. Kf5 {[%clk 00:01:01]} {[%emt 00:00:48]} Rh5+
{[%clk 00:04:04]} {[%emt 00:00:04]} 44. Kf4 {[%clk 00:01:07]} {[%emt 00:00:05]}
Rh4+ {[%clk 00:04:08]} {[%emt 00:00:05]} 45. Kf5 {[%clk 00:01:16]} {[%emt
00:00:02]} 1/2-1/2